000 00772nam a22002297a 4500
003 UA-OsUOA
001 124752
007 ta
008 20170823b un ||||| |||| 00| 0 ukr d
090 _a821.161.2
_bД22
942 _cBK
040 _aUA-OsUOA
_bukr
_cUA-OsUOA
_dUA-OsUOA
245 _a"Дванадцятка". Наймолодша львівська літературна богема 30-х років ХХ століття
_bантологія урбаністичної прози
_cВ. Габор
300 _a344 с.
955 _a3
041 _aukr
080 _a821.161.2
020 _a966-8522-70-2
260 _aЛьвів
_bПараміда
_c2006
650 7 _a82 Література. Літературознавство
_2UDC
999 _c411918
_d411918